<?xml version="1.0" encoding="UTF-8"?>
<record
    xmlns:xsi="http://www.w3.org/2001/XMLSchema-instance"
    xsi:schemaLocation="http://www.loc.gov/MARC21/slim http://www.loc.gov/standards/marcxml/schema/MARC21slim.xsd"
    xmlns="http://www.loc.gov/MARC21/slim">

  <leader>01534nam a22001697a 4500</leader>
  <controlfield tag="005">20240726102723.0</controlfield>
  <controlfield tag="008">240726b           ||||| |||| 00| 0 eng d</controlfield>
  <datafield tag="020" ind1=" " ind2=" ">
    <subfield code="a">9780964495524</subfield>
  </datafield>
  <datafield tag="050" ind1=" " ind2=" ">
    <subfield code="a">REF</subfield>
  </datafield>
  <datafield tag="100" ind1=" " ind2=" ">
    <subfield code="9">Reeves, Douglas B.</subfield>
  </datafield>
  <datafield tag="245" ind1=" " ind2=" ">
    <subfield code="a">Making standards work /</subfield>
    <subfield code="c">Douglas Reeves B.</subfield>
  </datafield>
  <datafield tag="260" ind1=" " ind2=" ">
    <subfield code="a">Denver</subfield>
    <subfield code="b">Center for performance assessment </subfield>
    <subfield code="c">1998</subfield>
  </datafield>
  <datafield tag="300" ind1=" " ind2=" ">
    <subfield code="a">259 p,:</subfield>
    <subfield code="c">28cm</subfield>
  </datafield>
  <datafield tag="500" ind1=" " ind2=" ">
    <subfield code="a">Includes appendix, bibliography,</subfield>
  </datafield>
  <datafield tag="505" ind1=" " ind2=" ">
    <subfield code="a">Contents: Part one: Typing the bell on the cat -- Getting to know your standard -- Standard and norms-what is the difference? -- Standards-based assessments-the key to standards implementation -- Standard-based assessments-how are they better? -- The role of the classroom teacher -- The role of the principal -- The role of the district -- Measuring standards achievement -- Validity and reliability -- The role of national and state standards -- Collaboration: The key to effective staff development -- Step 1: Pull the weeds before planting the flower -- Identify the primary standard -- Develop an engaging scenario -- Develop requirements for students to apply, analyse, and demonstrate knowledge -- Develop scoring guides(Rubrics) -- Create an exemplary  assignment -- Get feedback --The acid test-student understand and use -- Sharing with colleagues -- The key to public acceptance -- Organizing the district for standards implementation -- Communicating about standards with parents and the public Responding to constituent challenges -- Reproducible handouts</subfield>
  </datafield>
  <datafield tag="942" ind1=" " ind2=" ">
    <subfield code="2">lcc</subfield>
    <subfield code="c">BK</subfield>
  </datafield>
  <datafield tag="999" ind1=" " ind2=" ">
    <subfield code="c">10359</subfield>
    <subfield code="d">17859</subfield>
  </datafield>
  <datafield tag="952" ind1=" " ind2=" ">
    <subfield code="0">0</subfield>
    <subfield code="1">0</subfield>
    <subfield code="2">lcc</subfield>
    <subfield code="4">0</subfield>
    <subfield code="7">0</subfield>
    <subfield code="a">WIUC-1</subfield>
    <subfield code="b">WIUC-1</subfield>
    <subfield code="c">REF</subfield>
    <subfield code="d">2024-07-26</subfield>
    <subfield code="l">0</subfield>
    <subfield code="o">REF</subfield>
    <subfield code="p">9737/438/24</subfield>
    <subfield code="r">2024-07-26 00:00:00</subfield>
    <subfield code="t">1</subfield>
    <subfield code="w">2024-07-26</subfield>
    <subfield code="y">BK</subfield>
  </datafield>
</record>
